000 00280nam a2200097Ia 4500
001 706573
005 20250826162451.0
008 250824s9999 xx 000 0 und d
245 0 _aGÖRGÜLÜ KUŞLAR GÖRDÜĞÜNÜ İŞLER
_cTALİP ARIŞAHİN
260 _bDİYANET İŞLERİ YAYINLARI
999 _c706573
_d706573